[Event "FICGS W-ch st1 gN 01 email"]
[Site "FICGS email"]
[Date "2022.11.02"]
[Round "1"]
[White "Denisov, Timofey"]
[Black "Ligon, Scott"]
[Result "1/2-1/2"]
[WhiteElo "2270"]
[BlackElo "2303"]
[PlyCount "95"]
[EventDate "2022.??.??"]
[EventType "tourn (corr)"]
[EventRounds "1"]
[SourceTitle "Corr 2024"]
[Source "ChessBase"]
[SourceDate "2023.10.19"]
[SourceVersion "1"]
[SourceVersionDate "2023.10.19"]
[SourceQuality "1"]

1. e4 Nf6 2. e5 Nd5 3. d4 d6 4. Nf3 dxe5 5. Nxe5 c6 6. Be2 Bf5 7. 0-0 Nd7 8. Nf3 e6 9. c4 N5f6 10. Nc3 Bd6 11. c5 Bc7 12. Nh4 Bg6 13. Bg5 0-0 14. b4 Re8 15. Nxg6 hxg6 16. Qb3 Nf8 17. Be3 Nd5 18. g3 a6 19. a4 Nh7 20. Bf3 Nxc3 21. Qxc3 Nf6 22. Qc4 Qd7 23. Rfd1 Nd5 24. Kg2 Rec8 25. h4 Bd8 26. Rd3 Bf6 27. Rh1 Re8 28. Qb3 Qe7 29. Bd2 Rad8 30. Qd1 e5 31. Re1 Qc7 32. dxe5 Rxe5 33. Rf1 Qd7 34. Qb1 Ree8 35. Rb3 Nc7 36. Be3 Nd5 37. Rd1 Nxe3+ 38. Rxe3 Qf5 39. Rxe8+ Rxe8 40. Qc1 Rd8 41. Re1 Qd3 42. Qf4 Qf5 43. Qc4 Rd2 44. Re8+ Kh7 45. Re2 Rxe2 46. Bxe2 Qe6 47. Qxe6 fxe6 48. Bc4 1/2-1/2

[Event "FICGS W-ch st1 gM 01 email"]
[Site "FICGS email"]
[Date "2022.03.14"]
[Round "1"]
[White "Denisov, Timofey"]
[Black "Rita, Giacomo"]
[Result "0-1"]
[WhiteElo "2277"]
[BlackElo "2371"]
[PlyCount "44"]
[EventDate "2022.??.??"]
[EventType "tourn (corr)"]
[EventRounds "6"]
[EventCategory "1"]
[SourceTitle "Corr 2024"]
[Source "ChessBase"]
[SourceDate "2023.10.19"]
[SourceVersion "1"]
[SourceVersionDate "2023.10.19"]
[SourceQuality "1"]

1. d4 Nf6 2. c4 e6 3. Nf3 d5 4. Nc3 Bb4 5. Bg5 h6 6. Bxf6 Qxf6 7. Qa4+ Nc6 8. e3 0-0 9. Be2 Bd7 10. Qb3 dxc4 11. Qxc4 Qe7 12. a3 Bd6 13. 0-0 e5 14. Rfe1 Rae8 15. d5 Na5 16. Qa2 e4 17. Nd4 c5 18. Ndb5 Be5 19. Rad1 a6 20. d6 Qe6 21. Qxe6 Rxe6 22. Nc7 Rxd6 0-1

[Event "FICGS W-ch st1 gM 01 email"]
[Site "FICGS email"]
[Date "2022.03.14"]
[Round "1"]
[White "Mesquita Jr, Fausto Monteiro"]
[Black "Denisov, Timofey"]
[Result "1/2-1/2"]
[WhiteElo "2331"]
[BlackElo "2277"]
[PlyCount "53"]
[EventDate "2022.??.??"]
[EventType "tourn (corr)"]
[EventRounds "6"]
[EventCategory "1"]
[SourceTitle "Corr 2024"]
[Source "ChessBase"]
[SourceDate "2023.10.19"]
[SourceVersion "1"]
[SourceVersionDate "2023.10.19"]
[SourceQuality "1"]

1. d4 d5 2. c4 c6 3. Nf3 Nf6 4. Nc3 e6 5. e3 Nbd7 6. Be2 Bd6 7. b3 b6 8. 0-0 0-0 9. Qc2 Bb7 10. Bb2 Qe7 11. Rad1 Rfe8 12. Rfe1 Rad8 13. Bf1 e5 14. dxe5 Nxe5 15. Nxe5 Bxe5 16. cxd5 cxd5 17. Nb5 Rc8 18. Qb1 Ba6 19. Bxe5 Qxe5 20. Rd4 Re7 21. Red1 Bxb5 22. Bxb5 g6 23. h3 h5 24. Be2 Rec7 25. Ba6 Re8 26. Bb5 Rec8 27. Ba6 1/2-1/2

[Event "FICGS W-ch st2 g01 email"]
[Site "FICGS email"]
[Date "2022.03.05"]
[Round "1"]
[White "Denisov, Timofey"]
[Black "Moreira, Jose"]
[Result "1/2-1/2"]
[WhiteElo "2277"]
[BlackElo "2274"]
[PlyCount "37"]
[EventDate "2022.??.??"]
[EventType "tourn (corr)"]
[EventRounds "6"]
[SourceTitle "Corr 2024"]
[Source "ChessBase"]
[SourceDate "2023.10.19"]
[SourceVersion "1"]
[SourceVersionDate "2023.10.19"]
[SourceQuality "1"]

1. e4 e5 2. Nf3 Nc6 3. Nc3 Nf6 4. Nd5 Nxe4 5. d4 d6 6. Bb5 a6 7. Ba4 b5 8. Bb3 Na5 9. Qe2 f5 10. 0-0 c6 11. Nb4 Bb7 12. Be6 Qf6 13. d5 Nc5 14. dxc6 Nxc6 15. Nd5 Qg6 16. Nf4 Qf6 17. Nd5 Qg6 18. Nf4 Qf6 19. Nd5 1/2-1/2

[Event "FICGS W-ch st2 g01 email"]
[Site "FICGS email"]
[Date "2021.07.13"]
[Round "1"]
[White "Denisov, Timofey"]
[Black "Ludgate, Alan"]
[Result "1/2-1/2"]
[WhiteElo "2126"]
[BlackElo "2451"]
[PlyCount "99"]
[EventDate "2021.??.??"]
[EventType "tourn (corr)"]
[EventRounds "8"]
[SourceTitle "Corr 2022"]
[Source "ChessBase"]
[SourceDate "2021.10.24"]
[SourceVersion "1"]
[SourceVersionDate "2021.10.24"]
[SourceQuality "1"]

1. d4 Nf6 2. c4 g6 3. Nc3 Bg7 4. e4 d6 5. Nf3 0-0 6. Be2 e5 7. 0-0 exd4 8. Nxd4 Re8 9. f3 Nc6 10. Be3 Nh5 11. Nc2 Be5 12. g3 f5 13. Nd5 Bxb2 14. Rb1 Bg7 15. g4 f4 16. Bf2 Nf6 17. Nxf4 Nd7 18. h4 Nc5 19. Kg2 Rb8 20. Qd2 Ne6 21. Nd5 Ne5 22. f4 Nf7 23. Bf3 c6 24. Ndb4 Bd7 25. Nd3 c5 26. Bg3 Bc6 27. f5 Nd4 28. Nxd4 Bxd4 29. Kh3 a5 30. Bh1 Qf6 31. Nf4 Ne5 32. Qe2 Qg7 33. Bg2 Kh8 34. Nd5 Bxd5 35. exd5 h5 36. f6 Qf7 37. Bxe5 Rxe5 38. Be4 Rbe8 39. Rf4 g5 40. hxg5 Rxg5 41. Rh1 Be5 42. Rf5 Bxf6 43. Qf3 Rxf5 44. Bxf5 Qg7 45. gxh5 Bd4 46. Be4 Rf8 47. Qg4 Qh6 48. Re1 Be5 49. Qg6 Qxg6 50. hxg6 1/2-1/2

[Event "FICGS W-ch st2 g01 email"]
[Site "FICGS email"]
[Date "2021.07.13"]
[Round "1"]
[White "Denisov, Timofey"]
[Black "Mirra, Theodore"]
[Result "1/2-1/2"]
[WhiteElo "2126"]
[BlackElo "2206"]
[PlyCount "61"]
[EventDate "2021.??.??"]
[EventType "tourn (corr)"]
[EventRounds "8"]
[SourceTitle "Corr 2022"]
[Source "ChessBase"]
[SourceDate "2021.10.24"]
[SourceVersion "1"]
[SourceVersionDate "2021.10.24"]
[SourceQuality "1"]

1. e4 c5 2. Nf3 d6 3. d4 cxd4 4. Nxd4 Nf6 5. Nc3 a6 6. h3 e5 7. Nb3 Be6 8. Be3 Be7 9. f4 Nc6 10. f5 Bxb3 11. axb3 Nb4 12. g3 d5 13. exd5 Qc7 14. Bg2 Rd8 15. 0-0 e4 16. Bf4 Qc5+ 17. Kh1 Nbxd5 18. Nxd5 Nxd5 19. Qg4 h5 20. Qe2 0-0 21. c3 Bf6 22. b4 Qb6 23. Bxe4 Nxf4 24. gxf4 Qc7 25. Qf3 Rd2 26. Bxb7 Rxb2 27. Bxa6 Qxc3 28. Qxc3 Bxc3 29. Rab1 Rxb4 30. Rxb4 Bxb4 31. Rd1 1/2-1/2

[Event "FICGS W-ch st1 g01 email"]
[Site "FICGS email"]
[Date "2021.07.11"]
[Round "2"]
[White "Pech, Matej"]
[Black "Denisov, Timofey"]
[Result "0-1"]
[WhiteElo "1809"]
[BlackElo "2126"]
[PlyCount "82"]
[EventDate "2021.??.??"]
[EventType "tourn (corr)"]
[EventRounds "8"]
[SourceTitle "Corr 2024"]
[Source "ChessBase"]
[SourceDate "2023.10.19"]
[SourceVersion "1"]
[SourceVersionDate "2023.10.19"]
[SourceQuality "1"]

1. e4 c5 2. Nf3 d6 3. d4 cxd4 4. Nxd4 Nf6 5. Nc3 a6 6. Be3 e5 7. Nb3 Be6 8. Qd2 Nbd7 9. 0-0-0 Be7 10. f3 h5 11. Kb1 b5 12. Nd5 Bxd5 13. exd5 Nb6 14. Bxb6 Qxb6 15. Na5 Rc8 16. Nc6 Nxd5 17. Nxe7 Nxe7 18. Qxd6 Qxd6 19. Rxd6 Nc6 20. c3 Ke7 21. Rd1 Nd8 22. Rd5 Ke6 23. Rd2 Nb7 24. Bd3 Rhd8 25. Rhd1 Rc7 26. Kc2 Rd6 27. Bf5+ Ke7 28. Rxd6 Nxd6 29. Bd3 Ke6 30. Kb3 g5 31. a4 f5 32. axb5 axb5 33. Re1 g4 34. Kb4 Rg7 35. b3 h4 36. f4 e4 37. Bf1 Kd5 38. Rd1+ Kc6 39. Ra1 Rd7 40. Be2 Rd8 41. Ra6+ Kd5 0-1

[Event "FICGS W-ch st1 g01 email"]
[Site "FICGS email"]
[Date "2021.07.11"]
[Round "1"]
[White "Ward, David"]
[Black "Denisov, Timofey"]
[Result "1/2-1/2"]
[WhiteElo "2003"]
[BlackElo "2126"]
[PlyCount "134"]
[EventDate "2021.??.??"]
[EventType "tourn (corr)"]
[EventRounds "8"]
[SourceTitle "Corr 2024"]
[Source "ChessBase"]
[SourceDate "2023.10.19"]
[SourceVersion "1"]
[SourceVersionDate "2023.10.19"]
[SourceQuality "1"]

1. e4 c6 2. d4 d5 3. Nd2 dxe4 4. Nxe4 Bf5 5. Ng3 Bg6 6. h4 h6 7. Nf3 Nd7 8. h5 Bh7 9. Bd3 Bxd3 10. Qxd3 e6 11. Bf4 Qa5+ 12. Bd2 Bb4 13. c3 Be7 14. c4 Qc7 15. 0-0 Ngf6 16. Rfe1 0-0 17. Nf5 Bd6 18. Nxd6 Qxd6 19. Rad1 Rfd8 20. Qb3 b5 21. Ne5 bxc4 22. Qxc4 Rac8 23. Qe2 Qb8 24. b3 Qb5 25. Qf3 Nxe5 26. Rxe5 Nd5 27. g4 Rf8 28. Rc1 Qb6 29. Rc5 Qa6 30. Rc2 Qb7 31. Re1 Qe7 32. Rc5 Rfd8 33. Qg3 f6 34. Bc1 Re8 35. Bd2 Qd7 36. Qf3 Re7 37. b4 Rd8 38. a4 Rf7 39. Rec1 Ne7 40. R1c4 a6 41. Bf4 e5 42. dxe5 fxe5 43. Rxe5 Nd5 44. Ree4 Nf6 45. Red4 Qxd4 46. Rxd4 Rxd4 47. Bg3 Rxb4 48. g5 Ne4 49. Qg4 hxg5 50. h6 gxh6 51. Qc8+ Kg7 52. Be5+ Nf6 53. Qxa6 Re4 54. Bc3 Rg4+ 55. Kf1 Kh7 56. Bxf6 Rxf6 57. Qd3+ Kg8 58. a5 Rgf4 59. a6 Rxf2+ 60. Kg1 R2f3 61. Qb1 Ra3 62. a7 Ra5 63. Kg2 c5 64. Qb3+ Kg7 65. a8Q Rxa8 66. Qb7+ Rf7 67. Qxa8 c4 1/2-1/2

[Event "FICGS W-ch st1 g06 email"]
[Site "FICGS email"]
[Date "2020.11.05"]
[Round "1"]
[White "Denisov, Timofey"]
[Black "Pech, Matej"]
[Result "1-0"]
[WhiteElo "2004"]
[BlackElo "1728"]
[PlyCount "123"]
[EventDate "2020.??.??"]
[EventType "tourn (corr)"]
[EventRounds "8"]
[SourceTitle "Corr 2022"]
[Source "ChessBase"]
[SourceDate "2021.10.24"]
[SourceVersion "1"]
[SourceVersionDate "2021.10.24"]
[SourceQuality "1"]

1. e4 c5 2. Nf3 Nc6 3. d4 cxd4 4. Nxd4 Nf6 5. Nc3 e5 6. Ndb5 d6 7. Bg5 a6 8. Na3 b5 9. Nd5 Be7 10. Bxf6 Bxf6 11. c3 0-0 12. Nc2 Bg5 13. a4 bxa4 14. Rxa4 a5 15. Bc4 Rb8 16. b3 Kh8 17. Nce3 g6 18. h4 Bxh4 19. g3 Bg5 20. f4 exf4 21. gxf4 Bh4+ 22. Kf1 f5 23. Ra2 fxe4 24. Rah2 g5 25. Qh5 Rb7 26. Ke2 Be6 27. Qh6 Bxd5 28. Nxd5 Rff7 29. Qe6 a4 30. b4 Rg7 31. Qxe4 Ne7 32. Kd3 Ng6 33. f5 Ne5+ 34. Kc2 Rb8 35. f6 Rf7 36. Kb1 Qd7 37. Be2 Qb7 38. Bd3 Nd7 39. Qd4 Ne5 40. Rg2 Re8 41. Qe4 Qa7 42. Ka2 Qd7 43. b5 Ng6 44. Qd4 Ne5 45. c4 Ref8 46. Qe4 Qa7 47. b6 Qb7 48. Bc2 Ng6 49. Re2 Qc6 50. Rb1 Bg3 51. Re3 Bf2 52. Rh3 Bh4 53. Rb4 Rb8 54. Rxa4 Re8 55. Qf5 Nf8 56. Rha3 Nd7 57. Ne7 Qg2 58. Nd5 Qe2 59. Re3 Qxe3 60. Nxe3 Nxb6 61. Ra6 Ref8 62. Rxb6 1-0